Trendy v reklamnom TV vysielaní na Slovensku
Významný progres vo vývoji televízneho reklamného trhu na Slovensku po roku 1989. Kultúrny aspekt reklamy na Slovensku. Výdavky na médiá, vývoj mediamixu.
Gespeichert in:
| 1. Verfasser: | |
|---|---|
| Format: | Buchkapitel |
| Sprache: | Slowakisch |
| Schlagworte: | |
| Tags: |
Keine Tags, Fügen Sie das erste Tag hinzu!
|
MARC
| LEADER | 00000naa$a2200000$$$4500 | ||
|---|---|---|---|
| 001 | 0014860 | ||
| 005 | 20240213081941.6 | ||
| 041 | 0 | |a slo | |
| 044 | |a SK | ||
| 245 | 1 | 0 | |a Trendy v reklamnom TV vysielaní na Slovensku |c Peter Šimegh |
| 520 | |a Významný progres vo vývoji televízneho reklamného trhu na Slovensku po roku 1989. Kultúrny aspekt reklamy na Slovensku. Výdavky na médiá, vývoj mediamixu. | ||
| 610 | 2 | 0 | |a trh reklamný |
| 610 | 2 | 0 | |a televízia |
| 610 | 2 | 0 | |a Slovensko |
| 610 | 2 | 0 | |a prognózy |
| 100 | 1 | |a Šimegh, Peter | |